| 000 | 00801cam a22002055a 4500 | ||
|---|---|---|---|
| 001 | L149678 | ||
| 008 | 100407e2010 xxk 000 0 eng d | ||
| 035 | _a(Sirsi) u149678 | ||
| 041 | 0 | _aeng | |
| 100 | 1 | _aWilkinson, Geoff | |
| 245 | 0 | 4 |
_aThe Regs _bGeoff Wilkinson looks at the forthcoming introduction of Structural Eurocodes |
| 260 | _c2010 | ||
| 490 |
_aArchitects Journal _v231(10) 18 March 2010, 20(1) |
||
| 520 | _aFrom 1 April 2010 the national codes of practice for the design of buildings in the UK will be the Eurocodes. A brief overview of the use of British Standards up to 2013 when the Building Regulations will be updated. | ||
| 590 | _aKA | ||
| 651 | 4 | _aUnited Kingdom | |
| 690 | _aBUILT ENVIRONMENT-BUILDING STANDARDS | ||
| 690 |
_aBuilding regulations _96224 |
||
| 942 | _n0 | ||
| 999 |
_c82250 _d82250 |
||